000 00329nam a2200133Ia 4500
008 210210b2000 xxu||||| |||| 00| 0 eng d
082 _a310/83
100 _aJONES (D Caradog).
245 _aSocial surveys.
260 _aLondon
_bHutchinson''s university library
_c2000
300 _a231
690 _aSociology
906 _a001575
999 _c77711
_d77711